[Event "World op 34th"]
[Site "Philadelphia"]
[Date "2006.07.03"]
[Round "7"]
[White "Hansen, Lars Bo"]
[Black "Wojtkiewicz, Aleksander"]
[Result "1/2-1/2"]
[WhiteElo "2560"]
[BlackElo "2552"]
[PlyCount "73"]
[EventDate "2006.06.28"]
[EventType "swiss"]
[EventRounds "9"]
[EventCountry "USA"]
[SourceTitle "CBM 112 Extra"]
[Source "ChessBase"]
[SourceDate "2006.07.14"]
[SourceVersion "1"]
[SourceVersionDate "2006.07.14"]
[SourceQuality "1"]

1. d4 g6 2. Nf3 Bg7 3. e4 d6 4. Be2 Nf6 5. Nc3 0-0 6. 0-0 c6 7. Re1 Nbd7 8. Bf4 Qa5 9. Nd2 Qc7 10. a4 e5 11. Be3 Ng4 12. Bxg4 exd4 13. Bxd7 Bxd7 14. Bf4 dxc3 15. Nc4 cxb2 16. Rb1 Be5 17. Nxe5 dxe5 18. Bh6 Rfe8 19. Qf3 Re6 20. Rxb2 Rd8 21. Rd1 Bc8 22. Rb3 Rxd1+ 23. Qxd1 Rd6 24. Rd3 Rxd3 25. Qxd3 Qd7 26. Qxd7 Bxd7 27. a5 c5 28. Be3 b6 29. axb6 axb6 30. Bg5 Bc6 31. f3 f5 32. exf5 gxf5 33. Bd8 b5 34. Be7 c4 35. Bd6 e4 36. fxe4 Bxe4 37. c3 1/2-1/2

[Event "USA-ch GpB"]
[Site "San Diego"]
[Date "2006.03.09"]
[Round "7"]
[White "Ivanov, Alexander"]
[Black "Wojtkiewicz, Aleksander"]
[Result "1/2-1/2"]
[WhiteElo "2606"]
[BlackElo "2554"]
[PlyCount "149"]
[EventDate "2006.03.02"]
[EventType "swiss"]
[EventRounds "9"]
[EventCountry "USA"]
[SourceTitle "CBM 112"]
[Source "ChessBase"]
[SourceDate "2006.06.07"]
[SourceVersion "1"]
[SourceVersionDate "2006.06.07"]
[SourceQuality "1"]

1. e4 c5 2. Nf3 Nc6 3. Bb5 d6 4. 0-0 Bd7 5. c3 Nf6 6. Re1 a6 7. Ba4 c4 8. d4 cxd3 9. Bg5 e6 10. Qxd3 Be7 11. Bxf6 gxf6 12. Nbd2 0-0 13. Bc2 Ne5 14. Qe2 Ng6 15. Nd4 Kh8 16. g3 Rg8 17. Kh1 Ne5 18. f4 Nc6 19. N4f3 Qc7 20. Rad1 Rad8 21. Nf1 Bf8 22. Ne3 Be7 23. Nd4 Rde8 24. Bb1 Rg7 25. a3 Qa5 26. Nc4 Qc7 27. Nf3 Rd8 28. Ne3 Re8 29. Ng2 Bf8 30. Nfh4 Ne7 31. Qh5 Bc6 32. Nf3 Rd8 33. Nd4 Bd7 34. Ne3 Bc8 35. Nf3 b6 36. f5 Bb7 37. fxe6 fxe6 38. Nd4 Qc8 39. Kg1 Nc6 40. Rf1 Be7 41. Qh3 Nxd4 42. cxd4 d5 43. Ba2 Rdg8 44. exd5 f5 45. Rf2 Bd6 46. Kf1 Rf8 47. dxe6 f4 48. gxf4 Rxf4 49. Rxf4 Bxf4 50. Ke2 Bxe3 51. Qxe3 Qc2+ 52. Ke1 Bf3 53. Rd2 Qc1+ 54. Kf2 Be4 55. Qxe4 Qxd2+ 56. Kf3 Qd1+ 57. Ke3 Qc1+ 58. Kd3 Qxb2 59. Qa8+ Rg8 60. Qxg8+ Kxg8 61. e7+ Kg7 62. e8Q Qxa3+ 63. Ke4 Qxa2 64. Qe5+ Kf7 65. Qc7+ Kf6 66. Qd8+ Kf7 67. Qd7+ Kf6 68. Qf5+ Kg7 69. Qg5+ Kf7 70. Qh5+ Kf8 71. Qh6+ Ke8 72. Qc6+ Ke7 73. Qc7+ Kf6 74. Qf4+ Ke7 75. Qc7+ 1/2-1/2

[Event "USA-ch GpB"]
[Site "San Diego"]
[Date "2006.03.08"]
[Round "6"]
[White "Wojtkiewicz, Aleksander"]
[Black "Perelshteyn, Eugene"]
[Result "1/2-1/2"]
[WhiteElo "2554"]
[BlackElo "2522"]
[PlyCount "132"]
[EventDate "2006.03.02"]
[EventType "swiss"]
[EventRounds "9"]
[EventCountry "USA"]
[SourceTitle "CBM 112"]
[Source "ChessBase"]
[SourceDate "2006.06.07"]
[SourceVersion "1"]
[SourceVersionDate "2006.06.07"]
[SourceQuality "1"]

1. Nf3 Nf6 2. c4 c5 3. Nc3 e6 4. g3 b6 5. Bg2 Bb7 6. 0-0 Be7 7. d4 cxd4 8. Qxd4 d6 9. Rd1 a6 10. Bg5 Nbd7 11. Qd2 0-0 12. Bf4 Ne8 13. e4 Qc7 14. Rac1 Rc8 15. b3 Ne5 16. Qe2 Qb8 17. Nxe5 dxe5 18. Be3 Bc6 19. c5 Bxc5 20. Bxc5 bxc5 21. Qxa6 Nf6 22. f3 c4 23. bxc4 Qb4 24. Qa7 Ra8 25. Qf2 Ra3 26. Nb1 Ra5 27. Rd2 Rb8 28. Qe3 h6 29. Bf1 Nd7 30. h4 Rba8 31. a3 Qc5 32. Qxc5 Nxc5 33. Rd6 Rc8 34. Rc3 Kf8 35. Be2 Ke7 36. Rd1 Rb8 37. Kf1 Rb2 38. Ke1 Ra2 39. Rdc1 Ra8 40. Re3 Ra1 41. Rec3 f5 42. exf5 exf5 43. Kf2 Ke6 44. Ke1 g5 45. hxg5 hxg5 46. Kf2 Rb8 47. Nd2 Rxc1 48. Rxc1 Rb2 49. Ke1 Ra2 50. Rc3 Ba4 51. Bd3 Rb2 52. g4 fxg4 53. fxg4 Bc6 54. Bf5+ Kd6 55. Re3 Ra2 56. Kd1 e4 57. Nxe4+ Nxe4 58. Bxe4 Bxe4 59. Rxe4 Rxa3 60. Ke2 Rc3 61. Kf2 Kc5 62. Re5+ Kxc4 63. Rxg5 Kd4 64. Rf5 Ke4 65. Rf7 Ra3 66. g5 Ra5 1/2-1/2

[Event "USA-ch GpB"]
[Site "San Diego"]
[Date "2006.03.06"]
[Round "4"]
[White "Ippolito, Dean"]
[Black "Wojtkiewicz, Aleksander"]
[Result "0-1"]
[WhiteElo "2414"]
[BlackElo "2554"]
[PlyCount "146"]
[EventDate "2006.03.02"]
[EventType "swiss"]
[EventRounds "9"]
[EventCountry "USA"]
[SourceTitle "CBM 112"]
[Source "ChessBase"]
[SourceDate "2006.06.07"]
[SourceVersion "1"]
[SourceVersionDate "2006.06.07"]
[SourceQuality "1"]

1. d4 Nf6 2. c4 g6 3. Nf3 Bg7 4. g3 0-0 5. Bg2 d6 6. 0-0 Nbd7 7. Nc3 e5 8. e4 exd4 9. Nxd4 Re8 10. h3 a6 11. Be3 Rb8 12. Re1 Ne5 13. Qe2 c5 14. Nc2 Be6 15. b3 Nfd7 16. Nd5 b5 17. cxb5 axb5 18. Rad1 b4 19. Nf4 Qc7 20. Qd2 Rb6 21. Nxe6 Rxe6 22. f4 Nc6 23. e5 Ne7 24. Nxb4 cxb4 25. Bxb6 Qxb6+ 26. Kh2 Nxe5 27. fxe5 Bxe5 28. Re4 Nf5 29. Rxb4 Qd8 30. Bd5 Nxg3 31. Kg2 Rf6 32. Qe3 Kg7 33. Bxf7 Nf5 34. Qxe5 Qa8+ 35. Qe4 Qxa2+ 36. Kg1 Ng3 37. Qg2 Qa7+ 38. Kh2 Rf2 39. Bd5 Qe3 40. Qxf2 Qxf2+ 41. Bg2 Nf5 42. Rf1 Qd2 43. Rbf4 Qb2 44. Rxf5 gxf5 45. Rxf5 Qxb3 46. Rd5 Qe3 47. Rf5 Kg6 48. Rd5 Kf7 49. Rh5 h6 50. Rd5 Qe2 51. Ra5 Ke6 52. Ra8 Qe5+ 53. Kh1 Qg3 54. Re8+ Kf5 55. Rf8+ Ke5 56. Re8+ Kd4 57. Re4+ Kd3 58. Re6 h5 59. Rf6 Qe5 60. Rf1 Ke2 61. Rb1 d5 62. Rb3 d4 63. Kg1 Qf5 64. Rb2+ Ke1 65. Rb8 Qf2+ 66. Kh1 Qe3 67. Rb1+ Kf2 68. Rb2+ Kg3 69. Bf1 d3 70. Rg2+ Kh4 71. Kh2 d2 72. Be2 Qe5+ 73. Kh1 Qxe2 0-1

[Event "USA-ch GpB"]
[Site "San Diego"]
[Date "2006.03.05"]
[Round "3"]
[White "Christiansen, Larry Mark"]
[Black "Wojtkiewicz, Aleksander"]
[Result "1-0"]
[WhiteElo "2546"]
[BlackElo "2554"]
[PlyCount "45"]
[EventDate "2006.03.02"]
[EventType "swiss"]
[EventRounds "9"]
[EventCountry "USA"]
[SourceTitle "CBM 112"]
[Source "ChessBase"]
[SourceDate "2006.06.07"]
[SourceVersion "1"]
[SourceVersionDate "2006.06.07"]
[SourceQuality "1"]

1. e4 c5 2. Nf3 d6 3. d4 cxd4 4. Nxd4 Nf6 5. Nc3 a6 6. Bc4 e6 7. Bb3 b5 8. Qf3 Qc7 9. Bg5 Nbd7 10. 0-0-0 Be7 11. e5 Bb7 12. Qg3 Nxe5 13. Bxe6 fxe6 14. f4 Ng6 15. Nxe6 Qd7 16. Rhe1 Kf7 17. f5 Nf8 18. Bxf6 Bxf6 19. Rxd6 Qc8 20. Ng5+ Kg8 21. Rxf6 gxf6 22. Nge4+ Ng6 23. fxg6 1-0

[Event "USA-ch GpB"]
[Site "San Diego"]
[Date "2006.03.03"]
[Round "2"]
[White "Wojtkiewicz, Aleksander"]
[Black "Shabalov, Alexander"]
[Result "1/2-1/2"]
[WhiteElo "2554"]
[BlackElo "2595"]
[PlyCount "88"]
[EventDate "2006.03.02"]
[EventType "swiss"]
[EventRounds "9"]
[EventCountry "USA"]
[SourceTitle "CBM 112"]
[Source "ChessBase"]
[SourceDate "2006.06.07"]
[SourceVersion "1"]
[SourceVersionDate "2006.06.07"]
[SourceQuality "1"]

1. Nf3 d5 2. d4 Nf6 3. c4 c6 4. Qc2 g6 5. Bf4 dxc4 6. Qxc4 Bg7 7. e3 0-0 8. Nbd2 Be6 9. Qc1 Nbd7 10. Bc4 Bf5 11. 0-0 Rc8 12. Re1 b5 13. Bf1 c5 14. Qd1 cxd4 15. Nxd4 Bg4 16. N4f3 Nd5 17. h3 Be6 18. Rb1 Nxf4 19. exf4 Qb6 20. Nb3 Nc5 21. Nxc5 Rxc5 22. b3 Rfc8 23. Bd3 Qd6 24. f5 gxf5 25. Ng5 h6 26. Nxe6 fxe6 27. Qe2 Re5 28. Qf1 a6 29. Rxe5 Bxe5 30. a4 Bd4 31. axb5 axb5 32. Qe2 Rc5 33. Rd1 Re5 34. Qf3 Rd5 35. g3 Rc5 36. Kg2 Rc3 37. Qa8+ Kg7 38. Qb7 Rxb3 39. Bxf5 Kf6 40. Bxe6 Rb2 41. Qf3+ Kxe6 42. Qg4+ Ke5 43. Qf4+ Ke6 44. Qg4+ Ke5 1/2-1/2

[Event "USA-ch GpB"]
[Site "San Diego"]
[Date "2006.03.02"]
[Round "1"]
[White "Wojtkiewicz, Aleksander"]
[Black "Itkis, Hana"]
[Result "1-0"]
[WhiteElo "2554"]
[BlackElo "2105"]
[PlyCount "79"]
[EventDate "2006.03.02"]
[EventType "swiss"]
[EventRounds "9"]
[EventCountry "USA"]
[SourceTitle "CBM 112"]
[Source "ChessBase"]
[SourceDate "2006.06.07"]
[SourceVersion "1"]
[SourceVersionDate "2006.06.07"]
[SourceQuality "1"]

1. Nf3 d5 2. d4 Nf6 3. c4 c6 4. e3 a6 5. Bd3 dxc4 6. Bxc4 b5 7. Bd3 Bb7 8. 0-0 e6 9. e4 Nbd7 10. a4 Qb6 11. Nc3 b4 12. a5 Qc7 13. Ne2 c5 14. Bf4 Qc6 15. Ng3 Be7 16. Re1 cxd4 17. Nxd4 Qc5 18. Nb3 Qa7 19. Rc1 0-0 20. Rc7 Rfd8 21. Qe2 Ne8 22. Rc4 Nef6 23. h4 Rac8 24. Rec1 Qa8 25. e5 Rxc4 26. Rxc4 Nd5 27. Bg5 Rc8 28. Rg4 Qb8 29. Bxe7 Nxe7 30. Rxb4 Nc6 31. Rxb7 Qxb7 32. Bxa6 Qxb3 33. Bxc8 Ndxe5 34. a6 Qa4 35. Bb7 Qa1+ 36. Nf1 Qa4 37. g3 g6 38. Kg2 Nd7 39. Nd2 Nc5 40. b3 1-0

[Event "World op 33rd"]
[Site "Philadelphia"]
[Date "2005.07.03"]
[Round "6"]
[White "Wojtkiewicz, Aleksander"]
[Black "Krush, Irina"]
[Result "1-0"]
[WhiteElo "2535"]
[BlackElo "2455"]
[PlyCount "109"]
[EventDate "2005.06.??"]
[EventType "swiss"]
[EventRounds "9"]
[EventCountry "USA"]
[SourceTitle "EXT 2006"]
[Source "ChessBase"]
[SourceDate "2005.11.24"]
[SourceVersion "1"]
[SourceVersionDate "2005.11.24"]
[SourceQuality "1"]

1. Nf3 d5 2. d4 Nf6 3. c4 dxc4 4. e3 Bg4 5. Bxc4 e6 6. Nc3 a6 7. h3 Bh5 8. g4 Bg6 9. Ne5 Nbd7 10. Nxg6 hxg6 11. Bf1 c6 12. Bg2 Be7 13. Bd2 e5 14. d5 Nxd5 15. Nxd5 cxd5 16. Bxd5 Nc5 17. Bc3 Qc7 18. Qf3 Bf6 19. 0-0 0-0 20. Rac1 Rad8 21. Rfd1 Qe7 22. Ba5 Rd7 23. Qe2 e4 24. Bb4 b6 25. Bxc5 bxc5 26. Bc4 a5 27. Rxd7 Qxd7 28. Qc2 Qb7 29. Bb3 Rc8 30. Qc4 Bxb2 31. Rb1 Bf6 32. Bc2 Qe7 33. Bxe4 Kh7 34. Bd5 Rc7 35. Kg2 g5 36. Rb5 Ra7 37. Rxc5 g6 38. Rc8 Kg7 39. a4 Kh7 40. Rc6 Kg7 41. Rc5 Qd6 42. Bf3 Qd7 43. Rd5 Qe7 44. Rc5 Qd8 45. Qb5 Qd6 46. Rc6 Qb4 47. Rc8 Qd2 48. Bb7 Qb2 49. Rc7 Qxb5 50. axb5 a4 51. b6 Ra5 52. Bc6 a3 53. b7 a2 54. b8Q a1Q 55. Qb3 1-0

[Event "World op 33rd"]
[Site "Philadelphia"]
[Date "2005.06.29"]
[Round "2"]
[White "Peric, Slavisa"]
[Black "Wojtkiewicz, Aleksander"]
[Result "0-1"]
[WhiteElo "2248"]
[BlackElo "2535"]
[PlyCount "68"]
[EventDate "2005.06.??"]
[EventType "swiss"]
[EventRounds "9"]
[EventCountry "USA"]
[SourceTitle "EXT 2006"]
[Source "ChessBase"]
[SourceDate "2005.11.24"]
[SourceVersion "1"]
[SourceVersionDate "2005.11.24"]
[SourceQuality "1"]

1. d4 Nf6 2. Nf3 g6 3. g3 c5 4. d5 b5 5. Bg2 d6 6. 0-0 Bg7 7. Re1 0-0 8. e4 Nbd7 9. h3 Bb7 10. Nbd2 Nb6 11. c3 Qc7 12. Qc2 Rfe8 13. c4 a6 14. Rb1 bxc4 15. Nxc4 Nxc4 16. Qxc4 e6 17. dxe6 Rxe6 18. e5 dxe5 19. Ng5 Re7 20. Bxb7 Qxb7 21. Qxc5 e4 22. f3 Rae8 23. Qf2 exf3 24. Rxe7 Rxe7 25. Bf4 Ne4 26. Nxe4 Rxe4 27. Rd1 h5 28. Rd2 h4 29. Kh2 hxg3+ 30. Bxg3 Re8 31. Qf1 Bxb2 32. Rf2 Bd4 33. Rxf3 Qb2+ 34. Kh1 Qxa2 0-1

[Event "Las Vegas National op"]
[Site "Las Vegas"]
[Date "2005.06.10"]
[Round "2"]
[White "Kretchetov, Alexandre"]
[Black "Wojtkiewicz, Aleksander"]
[Result "0-1"]
[WhiteElo "2350"]
[BlackElo "2535"]
[PlyCount "40"]
[EventDate "2005.06.10"]
[EventType "swiss"]
[EventRounds "7"]
[EventCountry "USA"]
[SourceTitle "CBM 106 Extra"]
[Source "ChessBase"]
[SourceDate "2005.07.01"]
[SourceVersion "1"]
[SourceVersionDate "2005.07.01"]
[SourceQuality "1"]

1. d4 Nf6 2. c4 g6 3. Nc3 Bg7 4. Nf3 0-0 5. e4 c6 6. e5 Ne8 7. Bf4 d6 8. h3 Nd7 9. Qd2 dxe5 10. dxe5 Qa5 11. Ne4 Qxd2+ 12. Kxd2 Nc7 13. Be2 Ne6 14. Bh2 Ndc5 15. Nxc5 Nxc5 16. Ke3 a5 17. Rad1 f6 18. Bf1 Bf5 19. g4 Bh6+ 20. Kd4 Na4 0-1

[Event "PAL/CSS Freestyle op"]
[Site "Playchess.com INT"]
[Date "2005.06.03"]
[Round "2"]
[White "Wojtkiewicz, Aleksander"]
[Black "Ciron"]
[Result "1/2-1/2"]
[WhiteElo "2535"]
[BlackElo "2435"]
[PlyCount "255"]
[EventDate "2005.06.03"]
[EventType "swiss"]
[EventRounds "8"]
[EventCountry "GER"]
[SourceTitle "CBM 106 Extra"]
[Source "ChessBase"]
[SourceDate "2005.07.01"]
[SourceVersion "1"]
[SourceVersionDate "2005.07.01"]
[SourceQuality "1"]

1. Nf3 Nf6 2. c4 e6 3. g3 d5 4. d4 dxc4 5. Bg2 Nc6 6. Qa4 Bb4+ 7. Bd2 Nd5 8. Bxb4 Ndxb4 9. a3 b5 10. Qxb5 Nc2+ 11. Kd2 Bd7 12. Kxc2 Nxd4+ 13. Nxd4 Bxb5 14. Nxb5 Rb8 15. N1c3 0-0 16. Rhd1 Qf6 17. Ne4 Qe5 18. Nbc3 f5 19. Ng5 Rb6 20. Nf3 Qc5 21. e3 Rd6 22. Bf1 Rb8 23. Nd2 Qb6 24. Rab1 Qb7 25. h4 a5 26. h5 Kh8 27. Bxc4 Qg2 28. Rf1 e5 29. e4 fxe4 30. Ncxe4 Rc6 31. b3 Qh3 32. Rh1 Qd7 33. h6 gxh6 34. f3 Qd4 35. a4 Kg7 36. Rbe1 Rd8 37. Rh5 Rg6 38. Nf1 Kh8 39. Rh2 Qb6 40. Nfd2 Kg7 41. Bb5 c6 42. Bc4 Qb4 43. Rd1 Qa3 44. Rh5 Qa2+ 45. Kc3 Rd5 46. f4 exf4 47. Bxd5 cxd5 48. Rxd5 fxg3 49. Rxa5 g2 50. Rg1 Qa3 51. Rf5 Qe7 52. Rf2 Qc7+ 53. Kd3 Qh2 54. Nf3 Qh3 55. Ke3 h5 56. Rb2 Kh6 57. b4 h4 58. b5 Qe6 59. Rgxg2 Rxg2 60. Rxg2 Qb3+ 61. Kf2 Qxa4 62. Rh2 Qxb5 63. Rxh4+ Kg7 64. Nd6 Qb6+ 65. Rd4 h5 66. Nf5+ Kf6 67. N5h4 Qa7 68. Kg2 Qa2+ 69. Rd2 Qg8+ 70. Kf2 Qb8 71. Ng2 Qb6+ 72. Ne3 Kg6 73. Rd5 Qb2+ 74. Kg3 Qb8+ 75. Kh3 Qf4 76. Nh4+ Kf7 77. Rf5+ Qxf5+ 78. Nexf5 Kf6 79. Kg3 Ke6 80. Kf4 Kd5 81. Kf3 Ke5 82. Ke3 Kd5 83. Kf4 Kc4 84. Ke5 Kc5 85. Nd6 Kc6 86. Ne4 Kd7 87. Kd5 Ke7 88. Nc5 Kf6 89. Ne6 Ke7 90. Ke5 Kf7 91. Nc5 Ke7 92. Kd5 Kf6 93. Ne4+ Ke7 94. Ke5 Kd7 95. Nf6+ Kc6 96. Ke6 Kc5 97. Nd7+ Kd4 98. Kd6 Ke4 99. Ne5 Kd4 100. Nef3+ Ke4 101. Kc5 Kd3 102. Kd5 Ke3 103. Ke5 Kd3 104. Nd4 Kc4 105. Ne6 Kd3 106. Kd5 Ke3 107. Nd4 Kf4 108. Ndf5 Kg5 109. Ke5 Kg4 110. Ke4 Kg5 111. Kf3 Kf6 112. Kf4 Ke6 113. Ne3 Kd6 114. Kf5 Kc5 115. Ke4 Kd6 116. Neg2 Ke6 117. Nf4+ Kd6 118. Kd4 Kc6 119. Ke5 Kc5 120. Ke4 Kd6 121. Kd4 Kc6 122. Kc4 Kd6 123. Nfg6 Kc6 124. Ne5+ Kd6 125. Kd4 Ke6 126. Nef3 Kd6 127. Ng5 Kc6 128. Ne4 1/2-1/2

[Event "Foxwoods op 07th"]
[Site "Mashantucket"]
[Date "2005.03.24"]
[Round "2"]
[White "Bartholomew, John"]
[Black "Wojtkiewicz, Aleksander"]
[Result "0-1"]
[WhiteElo "2381"]
[BlackElo "2536"]
[PlyCount "108"]
[EventDate "2005.03.23"]
[EventType "swiss"]
[EventRounds "9"]
[EventCountry "USA"]
[SourceTitle "CBM 105 Extra"]
[Source "ChessBase"]
[SourceDate "2005.05.01"]
[SourceVersion "1"]
[SourceVersionDate "2005.05.01"]
[SourceQuality "1"]

1. e4 c5 2. Nf3 d6 3. d4 cxd4 4. Nxd4 Nf6 5. Nc3 a6 6. Bg5 e6 7. f4 h6 8. Bh4 Be7 9. Qf3 Nbd7 10. 0-0-0 Qc7 11. Bd3 g5 12. fxg5 Ne5 13. Qe2 Nfg4 14. Nf3 hxg5 15. Bg3 Nxf3 16. gxf3 Ne5 17. Qf2 b5 18. a3 Qa7 19. Qe2 Bd7 20. Kb1 Qb7 21. Na2 a5 22. c3 Nxd3 23. Rxd3 e5 24. Rhd1 Be6 25. Rd5 Bxd5 26. Rxd5 Rb8 27. b4 f5 28. bxa5 f4 29. Be1 Qa7 30. Nb4 Qg1 31. Rd2 g4 32. fxg4 f3 33. Qf2 Qxg4 34. Qa7 Qxe4+ 35. Kb2 Ra8 36. Qg1 Kf7 37. Nd5 Rhg8 38. Bg3 Bg5 39. Qb6 Bxd2 40. Qb7+ Ke6 41. Qe7+ Kxd5 42. Qb7+ Ke6 43. Qxe4 Raf8 44. c4 Rxg3 45. Qd5+ Ke7 46. Qb7+ Kf6 47. hxg3 f2 48. Qf3+ Kg7 49. Qg4+ Kh6 50. Qe6+ Kg5 51. Qe7+ Rf6 52. Qg7+ Kf5 53. Qd7+ Ke4 54. Qc6+ Ke3 0-1

[Event "Lindsborg op"]
[Site "Lindsborg"]
[Date "2004.12.21"]
[Round "7"]
[White "Fernandez, Daniel"]
[Black "Wojtkiewicz, Aleksander"]
[Result "0-1"]
[WhiteElo "2391"]
[BlackElo "2539"]
[PlyCount "54"]
[EventDate "2004.12.17"]
[EventType "swiss"]
[EventRounds "9"]
[EventCountry "USA"]
[SourceTitle "CBM 103 Extra"]
[Source "ChessBase"]
[SourceDate "2005.01.01"]
[SourceVersion "1"]
[SourceVersionDate "2005.01.01"]
[SourceQuality "1"]

1. e4 c5 2. Nf3 d6 3. d4 cxd4 4. Nxd4 Nf6 5. Nc3 a6 6. f3 e6 7. Be3 b5 8. g4 Nfd7 9. Qd2 Nb6 10. 0-0-0 N8d7 11. Ndxb5 axb5 12. Nxb5 Ne5 13. Qc3 Na4 14. Qb3 Bd7 15. Nxd6+ Bxd6 16. Rxd6 Qc7 17. Rxd7 Nxd7 18. Bb5 Nxb2 19. Kxb2 0-0 20. Rd1 Ne5 21. Bd4 Rfb8 22. a4 Nc4+ 23. Ka2 e5 24. Ba1 Nb6 25. Kb1 Nxa4 26. Rd5 Nc5 27. Bxe5 Qa5 0-1

[Event "USA-ch"]
[Site "San Diego"]
[Date "2004.12.04"]
[Round "9"]
[White "Akobian, Varuzhan"]
[Black "Wojtkiewicz, Aleksander"]
[Result "1/2-1/2"]
[WhiteElo "2571"]
[BlackElo "2539"]
[PlyCount "36"]
[EventDate "2004.11.24"]
[EventType "swiss"]
[EventRounds "9"]
[EventCountry "USA"]
[SourceTitle "CBM 105"]
[Source "ChessBase"]
[SourceDate "2005.04.11"]
[SourceVersion "1"]
[SourceVersionDate "2005.04.11"]
[SourceQuality "1"]

1. d4 d5 2. c4 c6 3. cxd5 cxd5 4. Nf3 Nf6 5. Nc3 Nc6 6. Bf4 a6 7. e3 Bg4 8. h3 Bxf3 9. Qxf3 e6 10. Bd3 Bd6 11. Bg5 Be7 12. 0-0 0-0 13. Rfc1 Nd7 14. Bxe7 Qxe7 15. Na4 Rfc8 16. Qd1 Na7 17. Rxc8+ Rxc8 18. Rc1 Rxc1 1/2-1/2

[Event "USA-ch"]
[Site "San Diego"]
[Date "2004.11.29"]
[Round "5"]
[White "Wojtkiewicz, Aleksander"]
[Black "Kamsky, Gata"]
[Result "1/2-1/2"]
[WhiteElo "2539"]
[BlackElo "2717"]
[PlyCount "28"]
[EventDate "2004.11.24"]
[EventType "swiss"]
[EventRounds "9"]
[EventCountry "USA"]
[SourceTitle "CBM 105"]
[Source "ChessBase"]
[SourceDate "2005.04.11"]
[SourceVersion "1"]
[SourceVersionDate "2005.04.11"]
[SourceQuality "1"]

1. Nf3 Nf6 2. c4 c6 3. d4 d5 4. Qc2 dxc4 5. Qxc4 Bg4 6. Nbd2 g6 7. g3 Bg7 8. Bg2 0-0 9. 0-0 Qc8 10. b3 Nd5 11. Bb2 Bh3 12. e4 Bxg2 13. Kxg2 Nb6 14. Qc2 Na6 1/2-1/2

[Event "Western States op"]
[Site "Reno"]
[Date "2004.10.16"]
[Round "4"]
[White "Wojtkiewicz, Aleksander"]
[Black "Rubenchik, Rodion"]
[Result "1-0"]
[WhiteElo "2590"]
[BlackElo "2395"]
[PlyCount "73"]
[EventDate "2004.10.15"]
[EventType "swiss"]
[EventRounds "6"]
[EventCountry "USA"]
[SourceTitle "EXT 2009"]
[Source "ChessBase"]
[SourceDate "2008.11.26"]
[SourceVersion "1"]
[SourceVersionDate "2008.11.26"]
[SourceQuality "1"]

1. Nf3 d5 2. d4 Nf6 3. c4 e6 4. g3 dxc4 5. Bg2 c5 6. 0-0 Nc6 7. Qa4 Bd7 8. Qxc4 b5 9. Qd3 Rc8 10. dxc5 Bxc5 11. a3 0-0 12. Bg5 Be7 13. Nc3 a6 14. Rfd1 Be8 15. Qe3 Qc7 16. Rac1 Ng4 17. Qe4 Nf6 18. Qh4 h6 19. Ne4 Nxe4 20. Bxe7 Qxe7 21. Qxe4 Bd7 22. Qe3 Rfd8 23. Qb6 Nb8 24. Rxc8 Rxc8 25. Qb7 Qc5 26. Rxd7 Nxd7 27. Qxd7 Qc7 28. Qxc7 Rxc7 29. Ne5 Rc2 30. Nd3 Rxe2 31. Kf1 Rd2 32. Be4 f5 33. Ke1 Rc2 34. Bb7 a5 35. Kd1 Rc7 36. Ba6 Rd7 37. Bxb5 1-0

[Event "New York Masters 120th"]
[Site "New York"]
[Date "2004.10.05"]
[Round "3"]
[White "Ehlvest, Jaan"]
[Black "Wojtkiewicz, Aleksander"]
[Result "1/2-1/2"]
[WhiteElo "2605"]
[BlackElo "2551"]
[PlyCount "83"]
[EventDate "2004.10.05"]
[EventType "swiss (rapid)"]
[EventRounds "4"]
[EventCountry "USA"]
[SourceTitle "CBM 102 Extra"]
[Source "ChessBase"]
[SourceDate "2004.11.03"]
[SourceVersion "1"]
[SourceVersionDate "2004.11.03"]
[SourceQuality "1"]

1. d4 d5 2. Nf3 c6 3. c4 Nf6 4. e3 Bg4 5. Nc3 e6 6. Qb3 Qb6 7. Bd2 Nbd7 8. cxd5 Qxb3 9. axb3 exd5 10. Bd3 Bd6 11. Nh4 0-0 12. f3 Be6 13. Nf5 Bb4 14. Na4 Bxf5 15. Bxf5 a5 16. Rc1 g6 17. Bxd7 Nxd7 18. Ke2 Rfe8 19. Kd3 Re7 20. Bxb4 axb4 21. Rhe1 f5 22. Nc5 Nxc5+ 23. Rxc5 Kf7 24. Rcc1 Ra2 25. Rb1 Re8 26. g3 Kf6 27. h4 h6 28. Rh1 Raa8 29. Ra1 Kf7 30. Rxa8 Rxa8 31. Kd2 Kf6 32. Kd3 Ke6 33. Kc2 Kd6 34. Kd3 Kd7 35. Kc2 Kc7 36. Kd3 Kb6 37. Kc2 Kc7 38. Kd2 Kd7 39. Kc2 Ke6 40. Kd3 Kf7 41. Kd2 Kg7 42. Kd3 1/2-1/2